Machine Tools (Record no. 319247)
[ view plain ]
| 000 -LEADER | |
|---|---|
| fixed length control field | 00412nam a2200157Ia 4500 |
| 008 - FIXED-LENGTH DATA ELEMENTS--GENERAL INFORMATION | |
| fixed length control field | 230718s9999 xx 000 0 und d |
| 041 ## - LANGUAGE CODE | |
| Language code of text/sound track or separate title | eng |
| 082 ## - DEWEY DECIMAL CLASSIFICATION NUMBER | |
| Classification number | 621.902 |
| Item number | DAT |
| 100 ## - MAIN ENTRY--PERSONAL NAME | |
| Personal name | Datta R.N. |
| 9 (RLIN) | 151200 |
| 245 ## - TITLE STATEMENT | |
| Title | Machine Tools |
| Remainder of title | Workshop Technology |
| 260 ## - PUBLICATION, DISTRIBUTION, ETC. (IMPRINT) | |
| Name of publisher, distributor, etc. | New Central Book Agency |
| 300 ## - PHYSICAL DESCRIPTION | |
| Extent | 388 |
| 365 ## - TRADE PRICE | |
| Currency code | Rs. |
| Price amount | 165.00 |
| 700 ## - ADDED ENTRY--PERSONAL NAME | |
| Personal name | Datta R.N. |
| 9 (RLIN) | 151200 |
| 906 ## - LOCAL DATA ELEMENT F, LDF (RLIN) | |
| d | B:540105-Aug-2008 |
| c | MECH |
| b | 33 |
| Withdrawn status | Lost status | Damaged status | Not for loan | Home library | Current library | Date acquired | Vendor | Budget Code | Cost, normal purchase price | Bill number | Total Checkouts | Full call number | Barcode | Date last seen | Date last checked out | Discount | Cost, replacement price | Bill Date | Koha item type | Original Barcode |
|---|---|---|---|---|---|---|---|---|---|---|---|---|---|---|---|---|---|---|---|---|
| Cummins College of Engineering for Women Pune | Cummins College of Engineering for Women Pune | 03/10/2008 | Tbs | MECH | 132.00 | 5401 | 1 | 621.902 | CCEP-BK-30454 | 29/11/2024 | 18/11/2024 | 33 | 165.00 | 05/08/2008 | Books | 030454 |